[Event "AUTO-OPEN-366"]
[Site "http://www.queenalice.com/game.php?id=98744"]
[Date "2006.8.23"]
[Round "1"]
[White "blackking"]
[Black "Malcomx"]
[Result "0-1"]
[WhiteElo "1661"]
[BlackElo "1776"]

1. e4 e5 2. Nf3 Nf6 3. Nc3 Nc6 4. d4 exd4 5. Nxd4 Nxd4 6. Qxd4 d6 7. Bc4 Bd7 8.
O-O Be7 9. Bg5 O-O 10. Rae1 h6 11. Bf4 Nh5 12. Bd2 Bc6 13. Bd3 Re8 14. e5 dxe5
15. Qxe5 Nf6 16. Rd1 Bd6 17. Qd4 Bxh2+ 18. Kxh2 Qxd4 19. Rde1 Rxe1 20. Rxe1 Ng4+
21. Kg3 Qxf2+ 22. Kxg4 Qxg2+ 0-1

[Event "AUTO-OPEN-366"]
[Site "http://www.queenalice.com/game.php?id=98745"]
[Date "2006.8.23"]
[Round "1"]
[White "Malcomx"]
[Black "blackking"]
[Result "1-0"]
[WhiteElo "1787"]
[BlackElo "1629"]

1. d4 Nf6 2. c4 d5 3. Nc3 dxc4 4. e4 g6 5. Bxc4 Bg7 6. Nge2 O-O 7. O-O Nc6 8. h3
Na5 9. Bd3 Nc6 10. Be3 e6 11. Qd2 e5 12. d5 Ne7 13. Bh6 Bxh6 14. Qxh6 c6 15. Qg5
Qd6 16. Rad1 cxd5 17. Nxd5 Nfxd5 18. exd5 Nxd5 19. Bc4 Be6 20. Nc3 Qc6 21. Bxd5
Bxd5 22. Nxd5 Qe6 23. Nc7 1-0

[Event "Rainha X Rei"]
[Site "http://www.queenalice.com/game.php?id=113036"]
[Date "2006.10.4"]
[Round "-"]
[White "Kaka"]
[Black "blackking"]
[Result "1-0"]
[WhiteElo "1419"]
[BlackElo "1546"]

1. d4 Nf6 2. e3 g6 3. c3 d5 4. Qa4+ Bd7 5. Qb3 b6 6. Bb5 Bg7 7. Nf3 O-O 8. Bd3
Nc6 9. Qd1 Bc8 10. Ng5 e6 11. Qf3 h6 12. h4 hxg5 13. hxg5 Nh5 14. Rxh5 gxh5 15.
Qxh5 f5 16. gxf6 Rxf6 17. Qh7+ Kf8 18. Nd2 1-0

[Event "AUTO-OPEN-609"]
[Site "http://www.queenalice.com/game.php?id=191410"]
[Date "2007.4.3"]
[Round "1"]
[White "laudimf"]
[Black "blackking"]
[Result "1-0"]
[WhiteElo "1509"]
[BlackElo "1477"]

1. Nc3 c5 2. g3 d6 3. Bg2 g6 4. b3 Bg7 5. Bb2 Nf6 6. Nf3 O-O 7. e3 Bg4 8. O-O
Nc6 9. h3 Bxf3 10. Bxf3 Qc8 11. h4 Ne5 12. Na4 1-0

[Event "AUTO-OPEN-609"]
[Site "http://www.queenalice.com/game.php?id=191411"]
[Date "2007.4.3"]
[Round "1"]
[White "blackking"]
[Black "laudimf"]
[Result "0-1"]
[WhiteElo "1462"]
[BlackElo "1524"]

1. e4 c6 2. d4 d5 3. Nc3 e6 4. Bd3 Nd7 5. Nf3 Be7 6. O-O Ngf6 7. e5 Ng8 8. g3
Bb4 9. Bd2 Bxc3 10. Bxc3 Ne7 0-1

[Event "AUTO-OPEN-609"]
[Site "http://www.queenalice.com/game.php?id=191436"]
[Date "2007.4.3"]
[Round "1"]
[White "chessy"]
[Black "blackking"]
[Result "1-0"]
[WhiteElo "1785"]
[BlackElo "1498"]

1. e4 c5 2. Nf3 d6 3. Bb5+ Bd7 4. Bxd7+ Qxd7 5. O-O Nf6 6. Qe2 g6 7. Rd1 Bg7 8.
c3 O-O 9. d4 Na6 10. Be3 Nxe4 11. Nbd2 Nf6 12. Nb3 Qc7 13. dxc5 Nxc5 14. Qc4
Rac8 15. Nxc5 1-0

[Event "AUTO-OPEN-609"]
[Site "http://www.queenalice.com/game.php?id=191437"]
[Date "2007.4.3"]
[Round "1"]
[White "blackking"]
[Black "chessy"]
[Result "0-1"]
[WhiteElo "1503"]
[BlackElo "1780"]

1. e4 Nf6 2. Nc3 d5 3. d3 d4 4. Nce2 e5 5. Nf3 Bd6 6. c3 c5 7. Bg5 Bg4 8. h3
Bxf3 9. gxf3 Nbd7 10. Ng3 Qb6 11. Qe2 h6 12. Bc1 Nf8 13. Nf5 O-O-O 14. Rg1 g5
0-1

[Event "AUTO-OPEN-609"]
[Site "http://www.queenalice.com/game.php?id=191452"]
[Date "2007.4.3"]
[Round "1"]
[White "igorzz"]
[Black "blackking"]
[Result "1-0"]
[WhiteElo "1822"]
[BlackElo "1535"]

1. e4 c5 2. Nf3 d6 3. d4 cxd4 4. Nxd4 Nc6 5. Nc3 Nf6 6. Bg5 g6 7. Qd2 h6 8. Bf4
e5 9. Nxc6 bxc6 10. Bg3 Bg7 11. Rd1 1-0

[Event "AUTO-OPEN-609"]
[Site "http://www.queenalice.com/game.php?id=191453"]
[Date "2007.4.3"]
[Round "1"]
[White "blackking"]
[Black "igorzz"]
[Result "0-1"]
[WhiteElo "1506"]
[BlackElo "1827"]

1. e4 e5 2. Nf3 Nc6 3. d4 exd4 4. Nxd4 Bc5 5. Be3 Qf6 6. c3 Nge7 7. Bc4 Ne5 8.
Nd2 Qb6 9. Qh5 Qxb2 10. O-O Bxd4 11. cxd4 Nxc4 12. Nxc4 Qc2 0-1

[Event "AUTO-INT-402"]
[Site "http://www.queenalice.com/game.php?id=191537"]
[Date "2007.4.4"]
[Round "1"]
[White "blackking"]
[Black "schwam"]
[Result "0-1"]
[WhiteElo "1517"]
[BlackElo "1649"]

1. e4 c6 2. d4 d5 3. Nc3 dxe4 4. Nxe4 Bf5 5. Bd3 Qxd4 6. Qf3 Bxe4 7. Bxe4 Nf6 8.
Bd3 Qe5+ 9. Ne2 Nbd7 10. O-O e6 0-1

[Event "AUTO-INT-402"]
[Site "http://www.queenalice.com/game.php?id=191539"]
[Date "2007.4.4"]
[Round "1"]
[White "blackking"]
[Black "alexcamargo"]
[Result "0-1"]
[WhiteElo "1493"]
[BlackElo "1490"]

1. e4 e5 2. Nf3 d6 3. d4 Nf6 4. Nc3 Nc6 5. Be3 g6 6. Bc4 Na5 7. Bd3 Bg7 8. dxe5
dxe5 9. Nxe5 Qd6 10. Nc4 Nxc4 11. Bxc4 Qxd1+ 12. Rxd1 O-O 13. O-O Re8 14. f3 b6
15. Bd4 Bb7 0-1

[Event "AUTO-INT-402"]
[Site "http://www.queenalice.com/game.php?id=191540"]
[Date "2007.4.4"]
[Round "1"]
[White "alexcamargo"]
[Black "blackking"]
[Result "0-1"]
[WhiteElo "1445"]
[BlackElo "1520"]

1. e4 c5 2. Nf3 d6 3. g3 Nf6 4. Nc3 g6 5. Bg2 Bg7 6. O-O O-O 7. d3 Nc6 8. b3 Bg4
9. Bb2 Qc8 10. Qe2 Qe6 11. h3 Bxh3 12. Bxh3 Qxh3 13. Ng5 Qh6 14. Qe3 Ng4 15. Qf4
Qh2# 0-1